<?xml version="1.0" encoding="UTF-8"?><?xml-stylesheet type="text/xsl" href="static/style.xsl"?><OAI-PMH xmlns="http://www.openarchives.org/OAI/2.0/" xmlns:xsi="http://www.w3.org/2001/XMLSchema-instance" xsi:schemaLocation="http://www.openarchives.org/OAI/2.0/ http://www.openarchives.org/OAI/2.0/OAI-PMH.xsd"><responseDate>2026-06-02T05:22:49Z</responseDate><request verb="GetRecord" identifier="oai:riubu.ubu.es:10259/3857" metadataPrefix="marc">https://riubu.ubu.es/oai/request</request><GetRecord><record><header><identifier>oai:riubu.ubu.es:10259/3857</identifier><datestamp>2021-11-10T09:38:23Z</datestamp><setSpec>com_10259_3847</setSpec><setSpec>com_10259_5086</setSpec><setSpec>com_10259_2604</setSpec><setSpec>col_10259_3848</setSpec></header><metadata><record xmlns="http://www.loc.gov/MARC21/slim" xmlns:doc="http://www.lyncode.com/xoai" xmlns:xsi="http://www.w3.org/2001/XMLSchema-instance" xmlns:dcterms="http://purl.org/dc/terms/" xsi:schemaLocation="http://www.loc.gov/MARC21/slim http://www.loc.gov/standards/marcxml/schema/MARC21slim.xsd">
<leader>00925njm 22002777a 4500</leader>
<datafield tag="042" ind1=" " ind2=" ">
<subfield code="a">dc</subfield>
</datafield>
<datafield tag="720" ind1=" " ind2=" ">
<subfield code="a">Corchado, Emilio</subfield>
<subfield code="e">author</subfield>
</datafield>
<datafield tag="720" ind1=" " ind2=" ">
<subfield code="a">Baruque, Bruno</subfield>
<subfield code="e">author</subfield>
</datafield>
<datafield tag="260" ind1=" " ind2=" ">
<subfield code="c">2012-01</subfield>
</datafield>
<datafield tag="520" ind1=" " ind2=" ">
<subfield code="a">This study presents a novel version of the Visualization Induced Self-Organizing Map based on the application of a new fusion algorithm for summarizing the results of an ensemble of topology-preserving mapping models. The algorithm is referred to as Weighted Voting Superposition (WeVoS). Its main feature is the preservation of the topology of the map, in order to obtain the most accurate possible visualization of the data sets under study. To do so, a weighted voting process between the units of the maps in the ensemble takes place, in order to determine the characteristics of the units of the resulting map. Several different quality measures are applied to this novel neural architecture known as WeVoS-ViSOM and the results are analyzed, so as to present a thorough study of its capabilities. To complete the study, it has also been compared with the well-know SOM and its fusion version, with the WeVoS-SOM and with two other previously devised fusion Fusion by Euclidean Distance and Fusion by Voronoi Polygon Similarity—based on the analysis of the same quality measures in order to present a complete analysis of its capabilities. All three summarization methods were applied to three widely used data sets from the UCI Repository. A rigorous performance analysis clearly demonstrates that the novel fusion algorithm outperforms the other single and summarization methods in terms of data sets visualization</subfield>
</datafield>
<datafield tag="024" ind2=" " ind1="8">
<subfield code="a">0925-2312</subfield>
</datafield>
<datafield tag="024" ind2=" " ind1="8">
<subfield code="a">http://hdl.handle.net/10259/3857</subfield>
</datafield>
<datafield tag="024" ind2=" " ind1="8">
<subfield code="a">10.1016/j.neucom.2011.01.027</subfield>
</datafield>
<datafield ind1=" " ind2=" " tag="653">
<subfield code="a">Topology-preserving maps</subfield>
</datafield>
<datafield ind1=" " ind2=" " tag="653">
<subfield code="a">Unsupervised learning</subfield>
</datafield>
<datafield ind1=" " ind2=" " tag="653">
<subfield code="a">Data visualization</subfield>
</datafield>
<datafield ind1=" " ind2=" " tag="653">
<subfield code="a">Ensembles</subfield>
</datafield>
<datafield ind1=" " ind2=" " tag="653">
<subfield code="a">Summarization algorithm</subfield>
</datafield>
<datafield tag="245" ind1="0" ind2="0">
<subfield code="a">WeVoS-ViSOM: an ensemble summarization algorithm for enhanced data visualization</subfield>
</datafield>
</record></metadata></record></GetRecord></OAI-PMH>